Which Artist Belongs to Which Song? - Statistics

General Stats
  • This quiz has been taken 1,895 times
  • The average score is 7 of 10
Answer Stats
Question Answer % Correct
"Stairway to Heaven" Led Zeppelin
93%
"Hound Dog" Elvis
88%
"Heart-Shaped Box" Nirvana
72%
"Wake Me Up" Avicii
69%
"What I've Done" Linkin Park
68%
"99 Luftballons" Nena
67%
"Bicycle Race" Queen
67%
"Somebody's Watching Me" Rockwell
60%
"Money" Pink Floyd
51%
"Life is Good" Future
37%
No matching quizzes found
Score Distribution
Percent of People with Each Score
Percentile by Number Answered
Your Score History
You have not taken this quiz